000 00377nam a2200145Ia 4500
008 230917s9999||||xx |||||||||||||| ||und||
040 _e59904
_aMAIN
041 _aEnglish
082 _a320.9 P992A
100 _aPye, Lucian W
245 0 _aAspects of political development: An analytic study
260 _aNew Delhi
_bAmerind
_c1966
300 _axiii, 205 p.
942 _cBK
999 _c118256
_d118256